| 000 | 00785nam a2200301Ia 4500 | ||
|---|---|---|---|
| 005 | 20250425161929.0 | ||
| 008 | 250425s9999 xx 000 0 und d | ||
| 020 | _a9701029585 | ||
| 041 | _aspa | ||
| 043 | _amx | ||
| 082 | _a658.04 | ||
| 100 | _aHAECKEL, STEPHAN H. | ||
| 245 | 0 | _aLA EMPRESA ADAPTABLE: EN LA ERA DE LA INFORMACION, ASIMILIALR LOS CAMBIOS NO ES TODO, ES LO UNICO | |
| 250 | _a1A ED. | ||
| 260 |
_aMéxico _bMSGRAW-HILL _c2000 |
||
| 260 | _aS.L. | ||
| 300 | _a304 | ||
| 650 | _aADMINISTRACION | ||
| 650 | _aEMPRESAS | ||
| 650 | _aESTRATEGIAS | ||
| 650 | _aINFORMACION | ||
| 650 | _aLIDERAZGO | ||
| 650 | _aTOMA DE DECISIONES | ||
| 700 |
_aCARLOS ALBERTO RAMIREZ FUENTES _etraductor |
||
| 710 | _aMCGRAW-HILL | ||
| 942 | _c01 | ||
| 010 | _a35302 | ||
| 999 |
_c219074 _d219074 |
||